| 000 | 00631nmm a2200193Ia 4500 | ||
|---|---|---|---|
| 008 | 251105s9999||||xx |||||||||||||||||und|| | ||
| 020 | _a9789586655736 | ||
| 041 | _aspa | ||
| 100 | _aBarragán Castrillón, Bernardo | ||
| 245 | 0 | _aEscolarizar, enseñar, aprender: Racionalidades educativas en Colombia | |
| 264 |
_a[Bogotá, Colombia] : _bSiglo del hombre, _c2019 |
||
| 300 | _a224 páginas | ||
| 650 | _aEducation | ||
| 700 | _aBarragán Castrillón, Bernardo | ||
| 700 | 1 | _a Ossa Montoya, Arley Fabio | |
| 700 | 1 | _a Bolívar Osorio, Rosa María | |
| 856 | _uhttps://public.digitaliapublishing.com/a/60882 | ||
| 942 | _cCF | ||
| 999 |
_c62529 _d62529 |
||